Commonwealth of Nations by Flags - Statistics

General Stats
  • This quiz has been taken 49 times
  • The average score is 41 of 56
Answer Stats
Picture Answer % Correct
Australia
100%
Canada
93%
Barbados
89%
Cyprus
89%
India
89%
Jamaica
89%
South Africa
89%
Bangladesh
86%
Ghana
86%
New Zealand
86%
Pakistan
86%
United Kingdom
86%
Botswana
82%
Cameroon
82%
Kenya
82%
Nigeria
82%
Antigua and Barbuda
79%
Brunei
79%
Fiji
79%
Gabon
79%
Malaysia
79%
Malta
79%
Sri Lanka
79%
Bahamas
75%
Belize
75%
Nauru
75%
Saint Lucia
75%
Seychelles
75%
Uganda
75%
Dominica
71%
Eswatini
71%
Kiribati
71%
Lesotho
71%
Malawi
71%
Singapore
71%
Tuvalu
71%
Zambia
71%
Papua New Guinea
68%
Tanzania
68%
Tonga
68%
Maldives
64%
Mauritius
64%
Mozambique
64%
Rwanda
64%
Togo
64%
Vanuatu
64%
Gambia
61%
Grenada
61%
Guyana
61%
Namibia
61%
Saint Vincent and the Grenadines
61%
Saint Kitts and Nevis
57%
Sierra Leone
57%
Trinidad and Tobago
57%
Samoa
54%
Solomon Islands
46%
No matching quizzes found
Score Distribution
Percent of People with Each Score
Percentile by Number Answered
Your Score History
You have not taken this quiz